Vlastné imanie v účtovníctve podnikateľských subjektov diplomová práca

Enregistré dans:
Détails bibliographiques
Auteur principal: Zsemlyeová, Judita
Collectivité auteur: Fakulta hospodárskej informatiky EU. Katedra účtovníctva a audítorstva
Autres auteurs: Szászová, Renáta
Format: Livre
Langue:slovaque
Publié: Bratislava 2010
Tags: Ajouter un tag
Pas de tags, Soyez le premier à ajouter un tag!

MARC

LEADER 00000nam$a2200000$$$4500
001 0120376
005 20240318123722.2
041 0 |a slo 
044 |a SK 
245 1 0 |a Vlastné imanie v účtovníctve podnikateľských subjektov  |b diplomová práca  |c Judita Zsemlyeová ; škol. Renáta Szászová 
264 1 |a Bratislava  |c 2010 
300 |a 75 s. 
100 1 |a Zsemlyeová, Judita 
700 1 |a Szászová, Renáta 
710 2 |a Fakulta hospodárskej informatiky EU. Katedra účtovníctva a audítorstva